Základy lineární a nelineární lomové mechaniky pro inženýrskou praxi /

Hlavní autor: Kunz, Jiří, 1951-
Jazyk: Čeština
Vydáno: Praha : Česká technika - nakladatelství ČVUT, 2020
Vydání: 1. vydání
Témata:
Fyzický popis: 281 stran : ilustrace (některé barevné) ; 24 cm
Language note: České a anglické resumé
Knihy
Uloženo v:
LEADER 01781nam a2200469 i 4500
001 nkc20203245950
003 CZ PrNK
005 20201023124014.0
007 ta
008 200909s2020 xr a f 001 0 cze
015 |a cnb003245950 
020 |a 978-80-01-06672-0  |q (brožováno) 
035 |a (OCoLC)1204253974 
040 |a OLA001  |b cze  |d ABA001  |e rda 
041 0 |a cze  |b cze  |b eng 
072 7 |a 539  |x Fyzikální stavba hmoty. Jaderná fyzika. Molekulární fyzika  |2 Konspekt  |9 6 
080 |a 539.42  |2 MRF 
080 |a 620.2  |2 MRF 
080 |a (048.8)  |2 MRF 
100 1 |a Kunz, Jiří,  |d 1951-  |7 ntka173151  |4 aut 
245 1 0 |a Základy lineární a nelineární lomové mechaniky pro inženýrskou praxi /  |c Jiří Kunz 
250 |a 1. vydání 
264 1 |a Praha :  |b Česká technika - nakladatelství ČVUT,  |c 2020 
300 |a 281 stran :  |b ilustrace (některé barevné) ;  |c 24 cm 
336 |a text  |b txt  |2 rdacontent 
337 |a bez média  |b n  |2 rdamedia 
338 |a svazek  |b nc  |2 rdacarrier 
504 |a Obsahuje bibliografie, bibliografické odkazy a rejstříky 
546 |a České a anglické resumé 
650 0 7 |a lomová mechanika  |7 ph122445  |2 czenas 
650 0 7 |a materiálové inženýrství  |7 ph115241  |2 czenas 
650 0 9 |a fracture mechanics  |2 eczenas 
650 0 9 |a materials engineering  |2 eczenas 
655 7 |a monografie  |7 fd132842  |2 czenas 
655 9 |a monographs  |2 eczenas 
910 2 |a BOA001  |b 2-1454.295 
928 9 |a České vysoké učení technické v Praze 
990 |a BK 
995 |a 01 
991 |b 202009  |c NOV 
996 6 |b 2610840071  |c 2-1454.295  |l MZK  |r Sklad / do 1 hodiny  |n 0  |p p.v.  |w 001827677  |u 000010  |a 1  |e BOA001  |j MZK50  |s P 
996 7 |b 2610840758  |c 2-1454.295  |l Vol.výběr  |r VV 0p  |n 9  |p kup  |h 539 KUN  |w 001827677  |u 000020  |a 0  |e BOA001  |j MZK50  |s A